Sociedad calificadora de valores : evaluación correcta del riesgo : (Registro nro. 6348)
[ vista simple ]
| 000 -LEADER | |
|---|---|
| fixed length control field | 01188nam a2200265Ia 4500 |
| 003 - CONTROL NUMBER IDENTIFIER | |
| control field | OSt |
| 005 - DATE AND TIME OF LATEST TRANSACTION | |
| control field | 20200818154835.0 |
| 008 - FIXED-LENGTH DATA ELEMENTS--GENERAL INFORMATION | |
| fixed length control field | 191128s1997 ck a fr 000 0 spa d |
| 020 ## - INTERNATIONAL STANDARD BOOK NUMBER | |
| International Standard Book Number | 9588007011 |
| 040 ## - CATALOGING SOURCE | |
| Original cataloging agency | CO-JMCR |
| Transcribing agency | CO-JMCR |
| 041 0# - LANGUAGE CODE | |
| Language code of text/sound track or separate title | spa |
| 082 ## - DEWEY DECIMAL CLASSIFICATION NUMBER | |
| Item number | |
| 082 04 - DEWEY DECIMAL CLASSIFICATION NUMBER | |
| Classification number | 346.092 / |
| Item number | S959s |
| Edition number | 23 |
| 110 2# - MAIN ENTRY--CORPORATE NAME | |
| Corporate name or jurisdiction name as entry element | Superintendencia de Valores. |
| 9 (RLIN) | 8866 |
| 245 10 - TITLE STATEMENT | |
| Title | Sociedad calificadora de valores : evaluación correcta del riesgo : |
| Remainder of title | deposito centralizado de valores : el manejo eficiente de sus títulos / |
| Statement of responsibility, etc. | Superintendencia de Valores |
| 250 ## - EDITION STATEMENT | |
| Edition statement | 1a. edición |
| 260 ## - PUBLICATION, DISTRIBUTION, ETC. | |
| Place of publication, distribution, etc. | Bogotá : |
| Name of publisher, distributor, etc. | Superintendencia de valores, |
| Date of publication, distribution, etc. | 1997 |
| 300 ## - PHYSICAL DESCRIPTION | |
| Extent | 63 páginas : |
| Other physical details | ilustraciones a color ; |
| Dimensions | 24 cm. |
| 505 0# - FORMATTED CONTENTS NOTE | |
| Formatted contents note | ¿Qué es una sociedad calificadora de valores? -- ¿Qué es un depósito centralizado de valores? |
| 520 3# - SUMMARY, ETC. | |
| Summary, etc. | A través de estas páginas usted comprenderá, que es una Sociedad Calificadora de Valores y los aspectos relacionados con la evaluación correcta del riesgo: significado, ventajas, factores y costos. |
| 650 14 - SUBJECT ADDED ENTRY--TOPICAL TERM | |
| Topical term or geographic name entry element | Títulos valores |
| 9 (RLIN) | 5897 |
| 650 14 - SUBJECT ADDED ENTRY--TOPICAL TERM | |
| Topical term or geographic name entry element | Instrumentos negociables |
| 9 (RLIN) | 8867 |
| 650 14 - SUBJECT ADDED ENTRY--TOPICAL TERM | |
| Topical term or geographic name entry element | Depósito centralizado de valores |
| 9 (RLIN) | 8868 |
| 942 ## - ADDED ENTRY ELEMENTS (KOHA) | |
| Source of classification or shelving scheme | Dewey Decimal Classification |
| Koha item type | Books |
| Withdrawn status | Lost status | Source of classification or shelving scheme | Damaged status | Not for loan | Collection code | Home library | Current library | Date acquired | Source of acquisition | Full call number | Barcode | Date last seen | Copy number | Koha item type |
|---|---|---|---|---|---|---|---|---|---|---|---|---|---|---|
| Dewey Decimal Classification | Non-fiction | Biblioteca Pública José María del Castillo y Rada | Biblioteca Pública José María del Castillo y Rada | 12/01/2017 | Donación | 346.092 / S959s | 430012523 | 05/16/2024 | Ej.1 | Books |